Szczegóły MARC21

Ustawa deweloperska : komentarz do ustawy o ochronie praw nabywcy lokalu mieszkalnego lub domu jednorodzinnego /

003 -Nazwa inst., której nr kontr. jest w polu 001 [,]
    • @
    • Nazwa instytucji, której n kontrolny jest w polu 001
    • NUKAT
005 -DATA I CZAS OSTATNIEJ MODYFIKACJI [,]
    • @
    • pole kontrolne
    • 20241231112023.0
020 -Międzynarod. znormalizowany nr książki - ISBN [ , ]
    • a
    • Numer ISBN
    • 9788378064947 Find
040 -Instytucja sporządzająca opis [ , ]
    • a
    • Instytucja, która sporządziła opis (NP)
    • WR U/mbo
    • c
    • Instytucja, która sporządziła rekord (NP)
    • WR U/mbo
    • d
    • Instytucja, która zmodyfikowała rekord (P)
    • WR U/hb
    • d
    • Instytucja, która zmodyfikowała rekord (P)
    • KR U/MWs
    • d
    • Instytucja, która zmodyfikowała rekord (P)
    • KAT 001/KC
942 -Rodzaj dokumentu [ , ]
    • c
    • Rodzaj dokumentu
    • Książka
100 -Hasło główne - nazwa osobowa [1, ]
    • a
    • Nazwa osobowa (NP)
    • Gliniecki, Bartłomiej.
    • 9
    • KHW
    • 41997
245 -Strefa tytułu i oznaczenia odpowiedzialności [1,0]
    • a
    • Tytuł
    • Ustawa deweloperska : Find
    • b
    • Ciąg dalszy tytułu (NP)
    • komentarz do ustawy o ochronie praw nabywcy lokalu mieszkalnego lub domu jednorodzinnego / Find
    • c
    • Pozostałe elementy strefy tytułu i oznaczenia odpowiedzialności (NP)
    • Bartłomiej Gliniecki.
250 -Strefa wydania [ , ]
    • a
    • Oznaczenie wydania (NP)
    • Stan prawny na 1 września 2012 roku.
260 -Strefa adresu wydawniczego [ , ]
    • a
    • Miejsce wydania (P)
    • Warszawa :
    • b
    • Nazwa wydawcy (P)
    • LexisNexis,
    • c
    • Data wydania (P)
    • 2012.
300 -Strefa opisu fizycznego [ , ]
    • a
    • Określenie formy książki i/lub objętość (NP)
    • 237, [2] s. ;
    • c
    • Format (NP)
    • 21 cm.
336 -Typ zawartości [ , ]
    • a
    • Termin opisujący typ zawartości
    • Tekst
    • b
    • Kod określający zawartość
    • txt
    • 2
    • Źródło (terminu i kodu)
    • rdacontent
337 -Typ mediów [ , ]
    • a
    • Tryb odtwarzania
    • Bez urządzenia pośredniczącego
    • b
    • Kod typu mediów
    • n
    • 2
    • Źródło (terminu i kodu)
    • rdamedia
338 -Typ/rodzaj nośnika [ , ]
    • a
    • Hasło opisujące typ nośnika
    • Wolumin
    • b
    • Kod typu nośnika
    • nc
    • 2
    • Źródło (terminu i kodu)
    • rdacarrier
490 -Strefa serii i książki wielotomowej - forma nie do wyszukiwania [1, ]
    • a
    • Tytuł (P)
    • Komentarze Praktyczne Find
830 -Hasło dodatkowe serii i opisu książki wielotomowej - tytuł ujednolicony/tytuł [ ,0]
    • a
    • Tytuł ujednolicony/tytuł (NP)
    • Komentarze Praktyczne
    • 9
    • KHW
    • 830
504 -Uwaga dot. bibliogr. załącznikowej [ , ]
    • a
    • Uwaga dot. bibliografii załącznikowej
    • Bibliogr. s. 237-[238].
521 -Uwaga dot. przeznaczenia czytelniczego [8, ]
    • a
    • Uwaga dot. przeznaczenia czytelniczego
    • Publikacja skierowana do sędziów, adwokatów, radców prawnych, notariuszy, aplikantów, deweloperów, ich pracowników oraz klientów.
080 -Uniwersalna Klasyfikacja Dziesiętna [ , ]
    • 2
    • Identyfikator wydania tablic
    • UDC-P058
    • 9
    • UKD
    • 3530
    • a
    • Symbol klasyfikacji
    • 347.235
    • b
    • Dopowiedzenie
    • Własność gruntów. Nieruchomości.
    • 4
    • UKD2
    • 7642
    • x
    • Poddział wspólny
    • (438)
    • c
    • Dopowiedzenie poddz. wspólnego
    • (Polska).
    • 4
    • UKD2
    • 8594
    • x
    • Poddział wspólny
    • (07)
    • c
    • Dopowiedzenie poddz. wspólnego
    • (Wydawnictwa dydaktyczne. Podręczniki).
    • 4
    • UKD2
    • 7987
    • x
    • Poddział wspólny
    • (094.5.072)
    • c
    • Dopowiedzenie poddz. wspólnego
    • (Interpretacje ustaw. Komentarze. Przepisy wykonawcze).
080 -Uniwersalna Klasyfikacja Dziesiętna [ , ]
    • 2
    • Identyfikator wydania tablic
    • UDC-P058
    • 9
    • UKD
    • 3606
    • a
    • Symbol klasyfikacji
    • 349.444
    • b
    • Dopowiedzenie
    • Prawo lokalowe.
    • 4
    • UKD2
    • 7642
    • x
    • Poddział wspólny
    • (438)
    • c
    • Dopowiedzenie poddz. wspólnego
    • (Polska).
    • 4
    • UKD2
    • 8594
    • x
    • Poddział wspólny
    • (07)
    • c
    • Dopowiedzenie poddz. wspólnego
    • (Wydawnictwa dydaktyczne. Podręczniki).
    • 4
    • UKD2
    • 7987
    • x
    • Poddział wspólny
    • (094.5.072)
    • c
    • Dopowiedzenie poddz. wspólnego
    • (Interpretacje ustaw. Komentarze. Przepisy wykonawcze).
080 -Uniwersalna Klasyfikacja Dziesiętna [ , ]
    • 2
    • Identyfikator wydania tablic
    • UDC-P058
    • 9
    • UKD
    • 3529
    • a
    • Symbol klasyfikacji
    • 347.2
    • b
    • Dopowiedzenie
    • Prawo rzeczowe. Prawo majątkowe. Prawo własności. Prawo pierwokupu. Księgi wieczyste. Hipoteka. Kataster. Posiadanie i użytkowanie. Prawo do mieszkania. Dzierżawa. Pożyczki rolne pod zastaw.
    • 4
    • UKD2
    • 7642
    • x
    • Poddział wspólny
    • (438)
    • c
    • Dopowiedzenie poddz. wspólnego
    • (Polska).
    • 4
    • UKD2
    • 8594
    • x
    • Poddział wspólny
    • (07)
    • c
    • Dopowiedzenie poddz. wspólnego
    • (Wydawnictwa dydaktyczne. Podręczniki).
    • 4
    • UKD2
    • 7987
    • x
    • Poddział wspólny
    • (094.5.072)
    • c
    • Dopowiedzenie poddz. wspólnego
    • (Interpretacje ustaw. Komentarze. Przepisy wykonawcze).
650 -Hasło przedmiotowe [ ,7]
    • a
    • Hasło przedmiotowe
    • Własność nieruchoma
    • x
    • Określnik rzeczowy
    • interpretacja
    • z
    • Określnik geograficzny
    • Polska.
    • 2
    • Źródło terminu
    • kaba
    • 9
    • KHW
    • 367627
650 -Hasło przedmiotowe [ ,7]
    • a
    • Hasło przedmiotowe
    • Mieszkanie
    • x
    • Określnik rzeczowy
    • prawo
    • x
    • Określnik rzeczowy
    • interpretacja
    • z
    • Określnik geograficzny
    • Polska
    • y
    • Określnik chronologiczny
    • 1990-.
    • 2
    • Źródło terminu
    • kaba
    • 9
    • KHW
    • 371072
650 -Hasło przedmiotowe [ ,7]
    • a
    • Hasło przedmiotowe
    • Przeniesienie tytułu własności nieruchomości
    • x
    • Określnik rzeczowy
    • interpretacja
    • z
    • Określnik geograficzny
    • Polska.
    • 2
    • Źródło terminu
    • kaba
    • 9
    • KHW
    • 369574
980 -Symbol UKD [ , ]
    • a
    • UKD
    • 347.235:349.444:347.2](438)(07)(094.5.072)
710 -Hasło dodatkowe - nazwa ciała zbiorowego [2, ]
    • a
    • Nazwa ciała zbiorowego lub nazwa geograficzna jako pierwszy element (NP)
    • Wydawnictwo Prawnicze LexisNexis.
    • 4
    • Kod relacji
    • pbl
    • 9
    • KHW
    • 53472
920 -ISBN [ , ]
    • a
    • ISBN
    • 978-83-7806-494-7 Find
Data inwentaryzacji Sygnatura Lokalizacja Numer inwentarzowy Status udost.
2012-11-22SA.21465BSASA.214651